|
|
|
|
| LEADER |
00601nam a2200157Ia 4500 |
| 001 |
65791 |
| 008 |
170722s9999 xx 000 0 und d |
| 100 |
|
|
|a Nalini Bakel
|
| 245 |
|
|
|a Thuruthu /
|
| 260 |
|
|
|b Grandhakarthavu ,
|c 1979.
|
| 300 |
|
|
|a 285 p.
|c 18cms
|
| 653 |
|
|
|a Malayalam Novel
|
| 942 |
|
|
|c GEN
|
| 999 |
|
|
|c 97875
|d 97875
|
| 952 |
|
|
|0 0
|1 0
|4 0
|6 O_323NNA65T_L9KRL91
|7 0
|9 137057
|a LIB
|b LIB
|d 2017-08-12
|o O32,3NNA65,T L9(KR)-L9;1
|p 181815
|r 2017-08-12
|v 14.50
|w 2017-08-12
|y GEN
|
| 952 |
|
|
|0 1
|1 0
|4 0
|6 O_323NNA65T_L9KRL91
|7 0
|9 137058
|a LIB
|b LIB
|d 2017-08-12
|o O32,3NNA65,T L9(KR)-L9;1
|p 181816
|r 2017-08-12
|v 14.50
|w 2017-08-12
|y GEN
|